Centre stage (Record no. 68497)
[ view plain ]
| 000 -LEADER | |
|---|---|
| fixed length control field | 01008cam a2200229 4500 |
| 001 - CONTROL NUMBER | |
| control field | ABS64469 |
| 008 - FIXED-LENGTH DATA ELEMENTS--GENERAL INFORMATION | |
| fixed length control field | 011005n2001 000 0 eng u |
| 035 ## - SYSTEM CONTROL NUMBER | |
| System control number | (Sirsi) u115017 |
| 100 ## - MAIN ENTRY--PERSONAL NAME | |
| Personal name | Brinkley, M. |
| 245 ## - TITLE STATEMENT | |
| Title | Centre stage |
| 260 ## - PUBLICATION, DISTRIBUTION, ETC. | |
| Date of publication, distribution, etc. | 2001 |
| 490 ## - SERIES STATEMENT | |
| Series statement | Building Homes |
| Volume/sequential designation | (8) September 2001, 34-42(7) |
| 520 ## - SUMMARY, ETC. | |
| Summary, etc. | Previews the Zethus Centre, which is due to open in October 2001. Zethus is the UK's first dedicated centre for housebuilding training, research and innovation. The Centre aims to seek out alternative technologies from around the world to satisfy the performance demands of housebuyers. A joint venture of the University of Greenwich and housebuilding consultant The Palmer Partnership, Zethus comprises a centre building and Japanese-style show village. |
| 590 ## - LOCAL NOTE (RLIN) | |
| Local note | ABS |
| 650 ## - SUBJECT ADDED ENTRY--TOPICAL TERM | |
| Topical term or geographic name entry element | HOUSE BUILDING |
| 650 ## - SUBJECT ADDED ENTRY--TOPICAL TERM | |
| Topical term or geographic name entry element | ZETHUS CENTRE |
| 650 ## - SUBJECT ADDED ENTRY--TOPICAL TERM | |
| Topical term or geographic name entry element | RESEARCH |
| 650 ## - SUBJECT ADDED ENTRY--TOPICAL TERM | |
| Topical term or geographic name entry element | INNOVATION |
| 650 ## - SUBJECT ADDED ENTRY--TOPICAL TERM | |
| Topical term or geographic name entry element | CAREERS, EDUCATION AND TRAINING |
| 690 ## - LOCAL SUBJECT ADDED ENTRY--TOPICAL TERM (OCLC, RLIN) | |
| Topical term or geographic name as entry element | BUILT ENVIRONMENT |
| 942 ## - ADDED ENTRY ELEMENTS (KOHA) | |
| Suppress in OPAC | 0 |
| Withdrawn status | Lost status | Source of classification or shelving scheme | Damaged status | Not for loan | Home library | Current library | Shelving location | Date acquired | Total Checkouts | Full call number | Barcode | Date last seen | Copy number | Price effective from | Koha item type |
|---|---|---|---|---|---|---|---|---|---|---|---|---|---|---|---|
| Dewey Decimal Classification | London | London | Journal article | 05/10/2001 | ABS64469 | 115017-1001 | 06/08/2019 | 1 | 06/08/2019 | Journal article |